UK industrial and distribution floorspace today (Record no. 110152)
[ view plain ]
| 000 -LEADER | |
|---|---|
| fixed length control field | 01249cad a22002175a 4500 |
| 001 - CONTROL NUMBER | |
| control field | E148666 |
| 008 - FIXED-LENGTH DATA ELEMENTS--GENERAL INFORMATION | |
| fixed length control field | 091016s2009 xxkad f s 000 0 eng d |
| 035 ## - SYSTEM CONTROL NUMBER | |
| System control number | (Sirsi) u148666 |
| 041 0# - LANGUAGE CODE | |
| Language code of text/sound track or separate title | eng |
| 110 2# - MAIN ENTRY--CORPORATE NAME | |
| Corporate name or jurisdiction name as entry element | King Sturge |
| 9 (RLIN) | 3877 |
| 245 00 - TITLE STATEMENT | |
| Title | UK industrial and distribution floorspace today |
| Remainder of title | September 2009 |
| Medium | [electronic resource] |
| 260 ## - PUBLICATION, DISTRIBUTION, ETC. | |
| Place of publication, distribution, etc. | London |
| Name of publisher, distributor, etc. | King Sturge |
| Date of publication, distribution, etc. | 2009 |
| 490 #0 - SERIES STATEMENT | |
| Series statement | UK Industrial and Distribution Floorspace Today |
| Volume/sequential designation | September 2009 |
| 520 ## - SUMMARY, ETC. | |
| Summary, etc. | Reports that the amount of industrial floorspace available in Great Britain rose by 2.8% from January to June 2009, to reach 23.309 million m2 by the end of June 2009, however this was a slower increase than in H2 2008. In H1 2009, the largest increase in available floorspace was in Wales and the North-West, where supply rose by 7.6% and 7.5% respectively. Availability also rose in the North by 5.6%, and in Greater London by 5.3%. The East Midlands was the only area to see a drop in availability. |
| 590 ## - LOCAL NOTE (RLIN) | |
| Local note | KA |
| 651 #4 - SUBJECT ADDED ENTRY--GEOGRAPHIC NAME | |
| Geographic name | United Kingdom |
| Chronological subdivision | |
| 690 ## - LOCAL SUBJECT ADDED ENTRY--TOPICAL TERM (OCLC, RLIN) | |
| Topical term or geographic name as entry element | PROPERTY-COMMERCIAL PROPERTY-COMMERCIAL PROPERTY MARKET |
| 690 ## - LOCAL SUBJECT ADDED ENTRY--TOPICAL TERM (OCLC, RLIN) | |
| Topical term or geographic name as entry element | PROPERTY-INDUSTRIAL PROPERTY |
| 856 40 - ELECTRONIC LOCATION AND ACCESS | |
| Uniform Resource Identifier | <a href="https://www.kingsturge.co.uk/">https://www.kingsturge.co.uk/</a> |
| Public note | View the item free of charge at www.kingsturge.co.uk... |
| 942 ## - ADDED ENTRY ELEMENTS (KOHA) | |
| Suppress in OPAC | 0 |
| Withdrawn status | Lost status | Source of classification or shelving scheme | Damaged status | Not for loan | Home library | Current library | Shelving location | Date acquired | Total Checkouts | Full call number | Barcode | Date last seen | Copy number | Price effective from | Koha item type |
|---|---|---|---|---|---|---|---|---|---|---|---|---|---|---|---|
| Dewey Decimal Classification | Virtual | Virtual | Online | 16/10/2009 | ONLINE PUBLICATION | 148666-2001 | 06/08/2019 | 1 | 06/08/2019 | Book |